|
|
|
|
| LEADER |
01549nam a2200409 i 4500 |
| 001 |
38648 |
| 003 |
BD-DhAAL |
| 005 |
20221110114549.0 |
| 008 |
221110t2012 ii b b 001 0 eng d |
| 999 |
|
|
|c 45020
|d 45020
|
| 010 |
|
|
|a 2013316986
|
| 020 |
|
|
|a 9780143420934
|
| 020 |
|
|
|a 9780670086399
|
| 020 |
|
|
|a 0670086398
|
| 025 |
|
|
|a I-E-2013-316986; 65-13; 60-91; 61-91
|
| 035 |
|
|
|a (OCoLC)ocn827970733
|
| 035 |
|
|
|a (OCoLC)827970733
|
| 037 |
|
|
|a Library of Congress -- New Delhi Overseas Office
|
| 040 |
|
|
|a SINUS
|c SINUS
|d OCLCO
|d DKAGE
|d COO
|d DLC
|e rda
|d DLC
|d BD-DhAAL
|
| 042 |
|
|
|a lccopycat
|a lcode
|
| 043 |
|
|
|a a-ii---
|
| 050 |
0 |
0 |
|a GF661
|b .S36 2012
|
| 082 |
0 |
4 |
|a 911.54
|2 23
|
| 100 |
1 |
|
|a Sanyal, Sanjeev,
|e author.
|9 52304
|
| 245 |
1 |
0 |
|a Land of the seven rivers :
|b a brief history of India's geography /
|c Sanjeev Sanyal.
|
| 246 |
3 |
0 |
|a Brief history of India's geography
|
| 264 |
|
1 |
|a New Delhi :
|b Penguin, Viking,
|c 2012.
|
| 300 |
|
|
|a xi, 331 pages :
|b maps ;
|c 23 cm.
|
| 490 |
0 |
|
|a Always learning
|
| 504 |
|
|
|a Includes bibliographical references (pages 306-322) and index.
|
| 541 |
|
|
|a Donated By Akbar Ali Khan
|e 38648
|
| 650 |
|
0 |
|a Human geography
|z India.
|9 52305
|
| 651 |
|
0 |
|a India
|x Civilization.
|9 52306
|
| 830 |
|
|
|a Always learning
|9 52307
|
| 852 |
|
|
|a Ayesha Abed Library
|c Akbar Ali Khan Collection
|
| 942 |
|
|
|2 ddc
|c BK
|
| 952 |
|
|
|0 0
|1 0
|2 ddc
|4 0
|6 911_540000000000000_SAN
|7 1
|9 72308
|a BRACUL
|b BRACUL
|c CS1
|d 2022-11-10
|e Donated by Akbar Ali Khan
|g 518.64
|l 0
|o 911.54 SAN
|p 3010038648
|r 2022-11-10
|t 1
|w 2022-11-10
|y BK
|x Rs. 399.00
|